[Event "Pardubice Czech op-B 29th"]
[Site "Pardubice"]
[Date "2018.07.26"]
[Round "7"]
[White "Cach, Jakub"]
[Black "Killmann, Martin"]
[Result "1-0"]
[WhiteElo "2044"]
[BlackElo "1855"]
[PlyCount "79"]
[EventDate "2018.07.20"]
[EventType "swiss"]
[EventRounds "9"]
[EventCountry "CZE"]
[SourceTitle "CBM 186 Extra"]
[Source "ChessBase"]
[SourceDate "2018.08.24"]
[SourceVersion "1"]
[SourceVersionDate "2018.08.24"]
[SourceQuality "1"]

1. e4 e6 2. d4 d5 3. exd5 exd5 4. Bd3 Nc6 5. Ne2 Bd6 6. Nbc3 Nb4 7. Bf4 c6 8. f3 Ne7 9. Qd2 Nxd3+ 10. cxd3 Ng6 11. Be3 Bf5 12. 0-0-0 Qa5 13. g4 Bd7 14. h4 h5 15. Nf4 Nxf4 16. Bxf4 Qc7 17. Rde1+ Be6 18. Bxd6 Qxd6 19. Qg5 hxg4 20. fxg4 Qe7 21. Qxg7 0-0-0 22. g5 Rh5 23. Ne2 Qd6 24. Ref1 Rdh8 25. Rf4 Qd8 26. Ng3 R5h7 27. Qe5 Rg8 28. Rf6 Kd7 29. h5 Qb8 30. Qe3 Bg4 31. Rhf1 Qe8 32. Qf4 Be6 33. Re1 Qd8 34. g6 Qa5 35. Re2 fxg6 36. Rfxe6 Rhh8 37. Re7+ Kc8 38. Qg4+ Kb8 39. Qd7 b6 40. Qb7# 1-0

[Event "Pardubice Czech op-B 29th"]
[Site "Pardubice"]
[Date "2018.07.22"]
[Round "3"]
[White "Cach, Jakub"]
[Black "Dhyana, Patel"]
[Result "1/2-1/2"]
[WhiteElo "2044"]
[BlackElo "1843"]
[PlyCount "38"]
[EventDate "2018.07.20"]
[EventType "swiss"]
[EventRounds "9"]
[EventCountry "CZE"]
[SourceTitle "CBM 186 Extra"]
[Source "ChessBase"]
[SourceDate "2018.08.24"]
[SourceVersion "1"]
[SourceVersionDate "2018.08.24"]
[SourceQuality "1"]

1. e4 c5 2. Nf3 Nc6 3. d4 cxd4 4. Nxd4 g6 5. Nc3 Bg7 6. Be3 Nf6 7. Nxc6 bxc6 8. e5 Ng8 9. f4 Nh6 10. Bd3 d6 11. Qf3 d5 12. Ne2 Qa5+ 13. c3 0-0 14. Nd4 Qc7 15. Nb3 Rb8 16. h3 f6 17. exf6 Bxf6 18. 0-0 Bg7 19. c4 Qd7 1/2-1/2

[Event "Pardubice Czech op-B 28th"]
[Site "Pardubice"]
[Date "2017.07.22"]
[Round "2"]
[White "Cach, Jakub"]
[Black "Bukhteeva, Viktoria"]
[Result "0-1"]
[WhiteElo "1999"]
[BlackElo "2220"]
[PlyCount "48"]
[EventDate "2017.07.21"]
[EventType "swiss"]
[EventRounds "9"]
[EventCountry "CZE"]
[SourceTitle "CBM 179 Extra"]
[Source "ChessBase"]
[SourceDate "2017.08.23"]
[SourceVersion "1"]
[SourceVersionDate "2017.08.23"]
[SourceQuality "1"]

1. e4 d5 2. exd5 Qxd5 3. Nc3 Qd6 4. d4 a6 5. Nf3 Nf6 6. Be2 Bg4 7. h3 Bh5 8. Be3 Nc6 9. Qd2 Bg6 10. a3 e6 11. Rd1 Be7 12. Bf4 Qd8 13. Bd3 Bd6 14. Ne5 Ne7 15. Nxg6 hxg6 16. Ne4 Nxe4 17. Bxe4 c6 18. Be5 f6 19. Qd3 fxe5 20. Bxg6+ Nxg6 21. Qxg6+ Kf8 22. dxe5 Qa5+ 23. Rd2 Bxe5 24. Qxe6 Re8 0-1

[Event "CZE-chT2D 1617"]
[Site "Czech Republic"]
[Date "2017.03.19"]
[Round "10.4"]
[White "Houska, Bronislav"]
[Black "Cach, Jakub"]
[Result "0-1"]
[WhiteElo "2000"]
[BlackElo "1985"]
[PlyCount "70"]
[EventDate "2016.10.09"]
[EventType "team-tourn"]
[EventRounds "11"]
[EventCountry "CZE"]
[SourceTitle "EXT 2022"]
[Source "ChessBase"]
[SourceDate "2021.10.06"]
[SourceVersion "1"]
[SourceVersionDate "2021.10.06"]
[SourceQuality "1"]
[WhiteTeam "Policka Stefanydes"]
[BlackTeam "Polabiny III"]
[WhiteTeamCountry "CZE"]
[BlackTeamCountry "CZE"]

1. c4 e6 2. g3 d5 3. Bg2 Nf6 4. Nf3 Be7 5. 0-0 0-0 6. b3 d4 7. e3 c5 8. exd4 cxd4 9. d3 Nc6 10. Re1 Bd6 11. Ba3 e5 12. Bxd6 Qxd6 13. Nbd2 Bf5 14. c5 Qxc5 15. Rc1 Qe7 16. Rxc6 bxc6 17. Nxe5 Qc5 18. b4 Qd6 19. Ndc4 Qc7 20. Bxc6 Rab8 21. Qa4 Be6 22. b5 Nd5 23. f4 Nc3 24. Qb4 Nxb5 25. Bxb5 a6 26. a4 axb5 27. axb5 Qb7 28. Rb1 Qd5 29. Nc6 Rbe8 30. Ne7+ Rxe7 31. Qxe7 Qf3 32. Rf1 Qxd3 33. Ne5 Qe3+ 34. Rf2 Bh3 35. Qb4 Qc1+ 0-1

[Event "CZE-chT2D 1617"]
[Site "Czech Republic"]
[Date "2017.02.26"]
[Round "9.5"]
[White "Cach, Jakub"]
[Black "Netusil, Jakub"]
[Result "1-0"]
[WhiteElo "1985"]
[BlackElo "1966"]
[PlyCount "83"]
[EventDate "2016.10.09"]
[EventType "team-tourn"]
[EventRounds "11"]
[EventCountry "CZE"]
[SourceTitle "EXT 2022"]
[Source "ChessBase"]
[SourceDate "2021.10.06"]
[SourceVersion "1"]
[SourceVersionDate "2021.10.06"]
[SourceQuality "1"]
[WhiteTeam "Polabiny III"]
[BlackTeam "Usti nad Orlici"]
[WhiteTeamCountry "CZE"]
[BlackTeamCountry "CZE"]

1. e4 d6 2. d4 g6 3. Nc3 Nf6 4. Be2 Bg7 5. h3 Nbd7 6. Nf3 0-0 7. e5 Ne8 8. Bf4 c5 9. dxc5 dxe5 10. Bxe5 Qa5 11. Bxg7 Nxg7 12. 0-0 Nxc5 13. Nd5 Qd8 14. c4 Bf5 15. b4 Ne4 16. Qb3 e6 17. Ne3 Ng5 18. Rad1 Qe7 19. Nxg5 Qxg5 20. Nxf5 Nxf5 21. Rd7 Rab8 22. Bf3 Nh4 23. Rfd1 Rfc8 24. c5 a5 25. a3 axb4 26. axb4 b6 27. c6 Qf4 28. R1d3 b5 29. g3 Nxf3+ 30. Rxf3 Qc1+ 31. Kg2 Rf8 32. Qc3 Qxc3 33. Rxc3 Rfc8 34. c7 Ra8 35. Rf3 Rf8 36. Rfd3 Rfc8 37. Re7 Rf8 38. Kf3 Kg7 39. Rdd7 Kf6 40. Ke4 h5 41. h4 Ra4 42. Rxf7+ 1-0

[Event "CZE-chT U18 Extraliga Ost 1617"]
[Site "Czech Republic"]
[Date "2016.12.03"]
[Round "5.5"]
[White "Fojt, Petr"]
[Black "Cach, Jakub"]
[Result "1/2-1/2"]
[WhiteElo "1612"]
[BlackElo "1985"]
[PlyCount "97"]
[EventDate "2016.10.01"]
[EventType "team-tourn"]
[EventRounds "11"]
[EventCountry "CZE"]
[SourceTitle "EXT 2022"]
[Source "ChessBase"]
[SourceDate "2021.10.06"]
[SourceVersion "1"]
[SourceVersionDate "2021.10.06"]
[SourceQuality "1"]
[WhiteTeam "Jicin U18"]
[BlackTeam "Polabiny U18"]
[WhiteTeamCountry "CZE"]
[BlackTeamCountry "CZE"]

1. d4 d5 2. Nf3 Nf6 3. Bg5 e6 4. e3 Be7 5. Bd3 Nbd7 6. 0-0 c5 7. c3 0-0 8. Nbd2 b6 9. e4 cxd4 10. e5 dxc3 11. exf6 Bxf6 12. Bxf6 Qxf6 13. bxc3 Qxc3 14. Nb3 Ne5 15. Nxe5 Qxe5 16. Qc2 g6 17. Rac1 Qf6 18. Qc7 e5 19. Rfe1 e4 20. Bb5 Be6 21. Bd7 Bxd7 22. Qxd7 Rfd8 23. Qc6 Qe5 24. Qb7 Rab8 25. Qxa7 d4 26. Qc7 Qxc7 27. Rxc7 d3 28. Rd1 Rdc8 29. Rxc8+ Rxc8 30. Rd2 Rc3 31. Kf1 f5 32. g3 Kf7 33. Ke1 Ke6 34. Kd1 Kd5 35. Nc1 g5 36. h3 Kc4 37. Rb2 b5 38. Nb3 b4 39. g4 f4 40. Nd2+ Kd5 41. Rxb4 e3 42. fxe3 fxe3 43. Nf3 d2 44. Nxd2 exd2 45. Kxd2 Rxh3 46. Rb5+ Ke4 47. Rxg5 Rh2+ 48. Kc3 Rxa2 49. Rg7 1/2-1/2

[Event "CZE-chT U18 Extraliga Ost 1617"]
[Site "Czech Republic"]
[Date "2016.10.01"]
[Round "2.4"]
[White "Cach, Jakub"]
[Black "Gresova, Zuzana"]
[Result "1-0"]
[WhiteElo "1985"]
[BlackElo "1837"]
[PlyCount "63"]
[EventDate "2016.10.01"]
[EventType "team-tourn"]
[EventRounds "11"]
[EventCountry "CZE"]
[SourceTitle "EXT 2022"]
[Source "ChessBase"]
[SourceDate "2021.10.06"]
[SourceVersion "1"]
[SourceVersionDate "2021.10.06"]
[SourceQuality "1"]
[WhiteTeam "Polabiny U18"]
[BlackTeam "Frydek Mistek U18"]
[WhiteTeamCountry "CZE"]
[BlackTeamCountry "CZE"]

1. e4 c5 2. Nf3 d6 3. d4 cxd4 4. Nxd4 Nf6 5. Nc3 a6 6. Be2 e5 7. Nb3 Be7 8. 0-0 0-0 9. Be3 Be6 10. h3 Nc6 11. Bf3 Rc8 12. Qd2 Qc7 13. Rfd1 Rfd8 14. Na4 Nd7 15. Rac1 b5 16. Nc3 Nb6 17. Nd5 Bxd5 18. exd5 Nb8 19. Na5 f5 20. g3 Kh8 21. Bg2 Bf6 22. b3 N6d7 23. c4 f4 24. gxf4 exf4 25. Bxf4 b4 26. Qxb4 Nc5 27. Qd2 Qf7 28. b4 Nb7 29. Nb3 Nd7 30. c5 dxc5 31. d6 Rb8 32. bxc5 1-0

[Event "CZE-chT U18 Extraliga final-A 1516"]
[Site "Czech Republic"]
[Date "2016.04.24"]
[Round "11.4"]
[White "Cach, Jakub"]
[Black "Hurdzan, Tomas"]
[Result "0-1"]
[WhiteElo "1958"]
[BlackElo "2019"]
[PlyCount "102"]
[EventDate "2015.10.03"]
[EventType "team-tourn"]
[EventRounds "11"]
[EventCountry "CZE"]
[SourceTitle "EXT 2022"]
[Source "ChessBase"]
[SourceDate "2021.10.06"]
[SourceVersion "1"]
[SourceVersionDate "2021.10.06"]
[SourceQuality "1"]
[WhiteTeam "Polabiny U18"]
[BlackTeam "Klatovy U18"]
[WhiteTeamCountry "CZE"]
[BlackTeamCountry "CZE"]

1. d4 Nf6 2. Nf3 g6 3. Bf4 Bg7 4. e3 d6 5. h3 0-0 6. Be2 b6 7. 0-0 Bb7 8. Nbd2 Nbd7 9. c3 c5 10. Bg3 Rc8 11. Rc1 Rc7 12. Bh2 Qa8 13. Re1 Ne4 14. Nxe4 Bxe4 15. Qd2 Nf6 16. Red1 Bf5 17. Qe1 Be4 18. Qf1 Bb7 19. Nd2 Rfc8 20. Bf3 Bxf3 21. Nxf3 Qd5 22. a3 Qb3 23. Qe2 Qe6 24. Qd3 Qe4 25. Qxe4 Nxe4 26. Nd2 Nxd2 27. Rxd2 cxd4 28. exd4 Bh6 29. f4 b5 30. Re1 Bg7 31. g4 a5 32. Rde2 Kf8 33. Bg3 b4 34. axb4 axb4 35. Bf2 bxc3 36. bxc3 e6 37. f5 gxf5 38. Bg3 Rxc3 39. Bxd6+ Kg8 40. gxf5 Bxd4+ 41. Kh2 exf5 42. Rg2+ Kh8 43. Re7 R3c6 44. Bg3 Rf8 45. Rd7 Bg7 46. Rf2 Rc5 47. Re2 Rfc8 48. Rxf7 Rc2 49. Rg2 Be5 50. Kh1 Rxg2 51. Kxg2 Bg7 0-1

[Event "CZE-chT U18 Extraliga final-A 1516"]
[Site "Czech Republic"]
[Date "2016.04.23"]
[Round "9.4"]
[White "Cach, Jakub"]
[Black "Cerny, David"]
[Result "1/2-1/2"]
[WhiteElo "1958"]
[BlackElo "1949"]
[PlyCount "97"]
[EventDate "2015.10.03"]
[EventType "team-tourn"]
[EventRounds "11"]
[EventCountry "CZE"]
[SourceTitle "EXT 2022"]
[Source "ChessBase"]
[SourceDate "2021.10.06"]
[SourceVersion "1"]
[SourceVersionDate "2021.10.06"]
[SourceQuality "1"]
[WhiteTeam "Polabiny U18"]
[BlackTeam "Policka Stefanydes U18"]
[WhiteTeamCountry "CZE"]
[BlackTeamCountry "CZE"]

1. e4 c5 2. Nf3 d6 3. d4 cxd4 4. Nxd4 Nf6 5. Nc3 Nc6 6. Be2 e5 7. Nb3 Be6 8. Bg5 Be7 9. Bxf6 Bxf6 10. Nd5 Bg5 11. 0-0 0-0 12. c3 f5 13. exf5 Bxf5 14. f4 exf4 15. Nxf4 Bxf4 16. Rxf4 Qe7 17. Qd2 Rae8 18. Bc4+ Kh8 19. Raf1 Ne5 20. Bb5 Bd7 21. Rxf8+ Rxf8 22. Rxf8+ Qxf8 23. Bxd7 Nxd7 24. Na5 Nc5 25. Nc4 Ne4 26. Qe3 d5 27. Ne5 Qc5 28. Qxc5 Nxc5 29. Kf2 Kg8 30. Ke3 Ne6 31. Nd3 Kf7 32. Nf4 Nxf4 33. Kxf4 Kf6 34. h4 h5 35. g4 g6 36. b3 hxg4 37. Kxg4 b5 38. b4 Kg7 39. Kg5 Kf7 40. Kg4 Kg7 41. Kg3 Kh6 42. Kh2 Kh5 43. Kh3 Kh6 44. Kg4 Kg7 45. Kg5 Kf7 46. Kg4 Kg7 47. Kg5 Kf7 48. Kg4 Kg7 49. Kg5 1/2-1/2

[Event "CZE-chT2D 1516"]
[Site "Czech Republic"]
[Date "2016.03.13"]
[Round "9.7"]
[White "Vicenec, Roman"]
[Black "Cach, Jakub"]
[Result "1/2-1/2"]
[WhiteElo "2030"]
[BlackElo "1974"]
[PlyCount "83"]
[EventDate "2015.10.18"]
[EventType "team-tourn"]
[EventRounds "11"]
[EventCountry "CZE"]
[SourceTitle "EXT 2022"]
[Source "ChessBase"]
[SourceDate "2021.10.06"]
[SourceVersion "1"]
[SourceVersionDate "2021.10.06"]
[SourceQuality "1"]
[WhiteTeam "Zabreh"]
[BlackTeam "Polabiny III"]
[WhiteTeamCountry "CZE"]
[BlackTeamCountry "CZE"]

1. e4 e6 2. d4 d5 3. Nc3 Nf6 4. e5 Nfd7 5. f4 c5 6. Nf3 Nc6 7. Be3 Qb6 8. a3 a6 9. Be2 Be7 10. 0-0 c4 11. Qd2 0-0 12. f5 Qd8 13. fxe6 fxe6 14. Rf2 Rf7 15. Raf1 Nf8 16. Ng5 Rxf2 17. Rxf2 Nxd4 18. Nf7 Nxe2+ 19. Qxe2 Qc7 20. Qg4 Ng6 21. Ne2 Bd7 22. Nf4 Nxe5 23. Qh5 Nxf7 24. Nxd5 exd5 25. Qxf7+ Kh8 26. Qxe7 Qd8 27. Rf7 Qxe7 28. Rxe7 Bc6 29. Bd4 Rg8 30. h4 h5 31. Re5 Kh7 32. Rxh5+ Kg6 33. Rg5+ Kh6 34. g4 g6 35. Re5 Re8 36. Rxe8 Bxe8 37. Kf2 Bd7 38. Kg3 Bc8 39. Kf4 Bd7 40. Be3 Kg7 41. Kg5 Ba4 42. Bd4+ 1/2-1/2

[Event "CZE-chT2D 1516"]
[Site "Czech Republic"]
[Date "2016.02.07"]
[Round "7.7"]
[White "Sedivy, Martin"]
[Black "Cach, Jakub"]
[Result "1/2-1/2"]
[WhiteElo "2034"]
[BlackElo "1974"]
[PlyCount "87"]
[EventDate "2015.10.18"]
[EventType "team-tourn"]
[EventRounds "11"]
[EventCountry "CZE"]
[SourceTitle "EXT 2022"]
[Source "ChessBase"]
[SourceDate "2021.10.06"]
[SourceVersion "1"]
[SourceVersionDate "2021.10.06"]
[SourceQuality "1"]
[WhiteTeam "Lipa ZVU Engineering"]
[BlackTeam "Polabiny III"]
[WhiteTeamCountry "CZE"]
[BlackTeamCountry "CZE"]

1. e4 e6 2. d4 d5 3. Nc3 Nf6 4. Bg5 Be7 5. e5 Nfd7 6. Bxe7 Qxe7 7. f4 a6 8. Nf3 c5 9. Qd2 Nc6 10. 0-0-0 c4 11. f5 b5 12. Re1 Nb6 13. fxe6 Bxe6 14. Ne2 Na4 15. Nc3 Qb4 16. Nxa4 Qxa4 17. Re3 b4 18. Kb1 c3 19. Qc1 cxb2 20. Qxb2 Na5 21. Ng5 Nc4 22. Bxc4 dxc4 23. Nxe6 fxe6 24. Rf1 Rf8 25. Rxf8+ Kxf8 26. Rf3+ Kg8 27. Qc1 Qd7 28. Qf1 Qxd4 29. Rf4 Qxe5 30. Rxc4 a5 31. Qd3 Qe1+ 32. Kb2 a4 33. c3 bxc3+ 34. Qxc3 a3+ 35. Kc2 Qe2+ 36. Kc1 Qf1+ 37. Kc2 Qe2+ 38. Kb3 Qd1+ 39. Kb4 Qb1+ 40. Kc5 Qxa2 41. Kd6 Qxg2 42. Rc8+ Kf7 43. Rc7+ Ke8 44. Rc8+ 1/2-1/2

[Event "CZE-chT U18 Extraliga Ost 1516"]
[Site "Czech Republic"]
[Date "2016.01.23"]
[Round "7.4"]
[White "Cach, Jakub"]
[Black "Glozar, Petr"]
[Result "1/2-1/2"]
[WhiteElo "1958"]
[BlackElo "1588"]
[PlyCount "93"]
[EventDate "2015.10.03"]
[EventType "team-tourn"]
[EventRounds "11"]
[EventCountry "CZE"]
[SourceTitle "EXT 2022"]
[Source "ChessBase"]
[SourceDate "2021.10.06"]
[SourceVersion "1"]
[SourceVersionDate "2021.10.06"]
[SourceQuality "1"]
[WhiteTeam "Polabiny U18"]
[BlackTeam "Brno Duras U18"]
[WhiteTeamCountry "CZE"]
[BlackTeamCountry "CZE"]

1. e4 c5 2. Nf3 Nc6 3. d4 cxd4 4. Nxd4 Nf6 5. Nc3 d6 6. Be2 e5 7. Nb3 Be7 8. Bg5 Nxe4 9. Nxe4 Bxg5 10. Nxd6+ Ke7 11. Ne4 Qxd1+ 12. Rxd1 Bh6 13. 0-0 Bf5 14. Bf3 Rhd8 15. c3 Rxd1 16. Rxd1 Bxe4 17. Bxe4 Rd8 18. Rxd8 Kxd8 19. Bxc6 bxc6 20. Kf1 Kc7 21. Ke2 Kd6 22. Kd3 Kd5 23. c4+ Kd6 24. Ke4 g6 25. g4 Bf4 26. h3 f6 27. a3 Bg5 28. f3 Bf4 29. Kd3 f5 30. Nd2 h5 31. Nb1 hxg4 32. hxg4 a6 33. b4 e4+ 34. fxe4 fxg4 35. Nd2 g3 36. Nf3 g2 37. Ke2 Bg3 38. Ng1 Ke5 39. Kf3 Bh2 40. Kxg2 Bxg1 41. Kxg1 Kd4 42. e5 Kxe5 43. a4 Kd4 44. b5 Kc5 45. Kg2 cxb5 46. cxb5 axb5 47. axb5 1/2-1/2

[Event "CZE-chT U18 Extraliga Ost 1516"]
[Site "Czech Republic"]
[Date "2016.01.23"]
[Round "6.4"]
[White "Faja, Vilem"]
[Black "Cach, Jakub"]
[Result "0-1"]
[WhiteElo "1634"]
[BlackElo "1958"]
[PlyCount "116"]
[EventDate "2015.10.03"]
[EventType "team-tourn"]
[EventRounds "11"]
[EventCountry "CZE"]
[SourceTitle "EXT 2022"]
[Source "ChessBase"]
[SourceDate "2021.10.06"]
[SourceVersion "1"]
[SourceVersionDate "2021.10.06"]
[SourceQuality "1"]
[WhiteTeam "Brno Lokomotiva U18"]
[BlackTeam "Polabiny U18"]
[WhiteTeamCountry "CZE"]
[BlackTeamCountry "CZE"]

1. d4 d5 2. c4 e6 3. Nc3 Nf6 4. Bg5 Be7 5. Nf3 0-0 6. e3 a6 7. Bd3 dxc4 8. Bxc4 b5 9. Bb3 Bb7 10. 0-0 Nbd7 11. Qe2 c5 12. Rac1 c4 13. Bc2 h6 14. Bh4 Rc8 15. a3 Nd5 16. Bxe7 Qxe7 17. Bb1 Nxc3 18. Rxc3 e5 19. dxe5 Nxe5 20. Nxe5 Qxe5 21. Rd1 Rfd8 22. Rcc1 Rxd1+ 23. Rxd1 c3 24. bxc3 Qxc3 25. Qd3 Qxd3 26. Bxd3 Rc3 27. Bb1 g6 28. a4 bxa4 29. e4 Bc6 30. f3 a3 31. Ba2 Kf8 32. Ra1 Ke7 33. Kf2 Bd7 34. Kg3 Be6 35. Bxe6 Kxe6 36. Kf4 f6 37. Rb1 g5+ 38. Kg4 Rc2 39. Rb6+ Ke5 40. Rxa6 Rxg2+ 41. Kh3 Ra2 42. Kg3 Ra1 43. Ra4 a2 44. Kg2 Kf4 45. Ra3 h5 46. h3 h4 47. Kh2 Rf1 48. Rxa2 Kxf3 49. Ra4 Rf2+ 50. Kg1 Re2 51. Ra6 Rxe4 52. Rxf6+ Kg3 53. Kf1 Rf4+ 54. Rxf4 gxf4 55. Kg1 Kxh3 56. Kh1 Kg3 57. Kg1 f3 58. Kh1 Kf2 0-1

[Event "CZE-chT U18 Extraliga Ost 1516"]
[Site "Czech Republic"]
[Date "2015.10.03"]
[Round "1.5"]
[White "Cach, Jakub"]
[Black "Pekarek, Ales1111"]
[Result "1-0"]
[WhiteElo "1958"]
[BlackElo "1530"]
[PlyCount "65"]
[EventDate "2015.10.03"]
[EventType "team-tourn"]
[EventRounds "11"]
[EventCountry "CZE"]
[SourceTitle "EXT 2022"]
[Source "ChessBase"]
[SourceDate "2021.10.06"]
[SourceVersion "1"]
[SourceVersionDate "2021.10.06"]
[SourceQuality "1"]
[WhiteTeam "Polabiny U18"]
[BlackTeam "Orlova Slavia U18 II"]
[WhiteTeamCountry "CZE"]
[BlackTeamCountry "CZE"]

1. e4 e5 2. Nf3 Nc6 3. d4 exd4 4. Nxd4 Nge7 5. Nc3 a6 6. Be3 d6 7. Bc4 Nxd4 8. Bxd4 b5 9. Be2 c5 10. Be3 Bb7 11. Bg5 Qc7 12. 0-0 h6 13. Bxb5+ Bc6 14. Nd5 Nxd5 15. Bxc6+ Qxc6 16. exd5 Qb7 17. Re1+ Kd7 18. Qf3 f6 19. Bxf6 gxf6 20. Qxf6 Rh7 21. Qf5+ Kd8 22. Qxf8+ Kd7 23. Qf5+ Kd8 24. Qg6 Rd7 25. Re8+ Kc7 26. Rxa8 Qxa8 27. Qe4 Qf8 28. Re1 Rf7 29. f3 Qg7 30. Qa4 Rd7 31. Qc6+ Kd8 32. Qa8+ Kc7 33. Qa7+ 1-0

[Event "CZE-ch U16"]
[Site "Kouty nad Desnou"]
[Date "2015.03.10"]
[Round "5"]
[White "Zeman, Radek"]
[Black "Cach, Jakub"]
[Result "0-1"]
[WhiteElo "1912"]
[BlackElo "1839"]
[PlyCount "78"]
[EventDate "2015.03.07"]
[EventType "swiss"]
[EventRounds "9"]
[EventCountry "CZE"]
[SourceTitle "EXT 2017"]
[Source "ChessBase"]
[SourceDate "2016.10.25"]
[SourceVersion "1"]
[SourceVersionDate "2016.10.25"]
[SourceQuality "1"]

1. e4 e5 2. Nf3 Nf6 3. Nxe5 d6 4. Nxf7 Kxf7 5. d4 c6 6. Nc3 Be6 7. f4 g6 8. Bd3 Bg7 9. h3 Re8 10. Be3 Kg8 11. Qf3 Qe7 12. Kd2 Bf7 13. Rae1 Nbd7 14. g4 h6 15. Rhg1 Nh7 16. h4 c5 17. Qf2 cxd4 18. Bxd4 Bxd4 19. Qxd4 Qf6 20. Qe3 Qg7 21. Qf3 Nc5 22. g5 Nxd3 23. cxd3 h5 24. f5 Qe5 25. Qg3 Qd4 26. Rc1 Rac8 27. Rc2 a6 28. Rgc1 Rc6 29. Nd5 Bxd5 30. exd5 Rxc2+ 31. Rxc2 gxf5 32. Rc3 Nf8 33. g6 f4 34. Qf3 Nxg6 35. Qg2 Qe3+ 36. Kc2 Qe2+ 37. Qxe2 Rxe2+ 38. Kb3 f3 39. d4 Nxh4 0-1

[Event "CZE-chTE U20 1314"]
[Site "Czech Republic"]
[Date "2014.01.25"]
[Round "6.3"]
[White "Wagner, Vojtech"]
[Black "Cach, Jakub"]
[Result "1-0"]
[WhiteElo "1887"]
[BlackElo "1746"]
[PlyCount "77"]
[EventDate "2013.10.12"]
[EventType "team-tourn"]
[EventRounds "11"]
[EventCountry "CZE"]
[SourceTitle "EXT 2015"]
[Source "ChessBase"]
[SourceDate "2014.11.20"]
[SourceVersion "1"]
[SourceVersionDate "2014.11.20"]
[SourceQuality "1"]
[WhiteTeam "Hradec Kralove (U20)"]
[BlackTeam "Polabiny (U20) II"]
[WhiteTeamCountry "CZE"]
[BlackTeamCountry "CZE"]

1. Nf3 Nf6 2. g3 d5 3. Bg2 c6 4. 0-0 Bf5 5. d3 Nbd7 6. Nbd2 e5 7. Re1 Qc7 8. e4 dxe4 9. dxe4 Bg4 10. h3 Bh5 11. Qe2 Bc5 12. Nb3 Bb6 13. Be3 0-0 14. Bxb6 Qxb6 15. Rad1 Rfe8 16. g4 Bg6 17. g5 Bxe4 18. gxf6 Nxf6 19. c4 Bxf3 20. Qxf3 Qa6 21. Qc3 Rad8 22. Rxd8 Rxd8 23. a3 Qb6 24. c5 Qb5 25. Bf1 Qa4 26. Qa5 Qxa5 27. Nxa5 Rd2 28. b4 Ra2 29. Nxb7 Rxa3 30. Na5 Kf8 31. Nxc6 Nd7 32. Rd1 Ke8 33. Bb5 a6 34. Nxe5 axb5 35. Nxd7 Rxh3 36. c6 Rc3 37. Nc5 Ra3 38. c7 Ra8 39. Nb7 1-0

[Event "Czech Fed-ch U16"]
[Site "Hrdonov"]
[Date "2013.10.29"]
[Round "4"]
[White "Vasicek, Tomas"]
[Black "Cach, Jakub"]
[Result "0-1"]
[WhiteElo "1517"]
[BlackElo "1746"]
[PlyCount "136"]
[EventDate "2013.10.26"]
[EventType "swiss"]
[EventRounds "9"]
[EventCountry "CZE"]
[SourceTitle "EXT 2016"]
[Source "ChessBase"]
[SourceDate "2015.10.08"]
[SourceVersion "1"]
[SourceVersionDate "2015.10.08"]
[SourceQuality "1"]

1. e4 e5 2. Nf3 Nc6 3. Bb5 Bc5 4. Nxe5 Qg5 5. Ng4 Bxf2+ 6. Kxf2 Qxb5 7. d4 d6 8. Nc3 Qh5 9. Ne3 Qh4+ 10. g3 Qf6+ 11. Kg2 Qxd4 12. Qxd4 Nxd4 13. Ncd5 Ne6 14. Nf5 g6 15. Nd4 Nxd4 16. Nxc7+ Kd7 17. Nxa8 b6 18. c3 Ne6 19. Rf1 Ke7 20. Be3 Bb7 21. Nxb6 axb6 22. Bxb6 Bxe4+ 23. Kg1 Nh6 24. a4 Bb7 25. b4 Rc8 26. Rfc1 Rc6 27. Bf2 Ng4 28. b5 Rc4 29. a5 Nxf2 30. Kxf2 Nc5 31. Kg1 Kd7 32. Rcb1 Kc7 33. a6 Be4 34. b6+ Kb8 35. b7 Nxa6 36. Rb6 Nc7 37. Rxd6 Kxb7 38. Rd7 Bd5 39. Rd1 Be6 40. R7d3 Nb5 41. Rb1 Kc6 42. Rc1 Nc7 43. Kf2 Nd5 44. Kg1 Bf5 45. Rf3 Be6 46. Rd3 Kc5 47. Kf2 h5 48. h4 Ra4 49. Kg1 Bf5 50. Rf3 Kc4 51. Rcf1 Ra3 52. Rxf5 gxf5 53. Rxf5 Rxc3 54. Rxf7 Rxg3+ 55. Kh2 Rg4 56. Kh3 Nf4+ 57. Kh2 Kd4 58. Rd7+ Ke3 59. Ra7 Rxh4+ 60. Kg1 Rg4+ 61. Kh2 Rg2+ 62. Kh1 Rb2 63. Ra3+ Nd3 64. Ra8 Kf3 65. Rf8+ Nf4 66. Ra8 Rd2 67. Ra3+ Nd3 68. Rc3 Kg3 0-1

[Event "CZE-chTE U20 1314"]
[Site "Czech Republic"]
[Date "2013.10.13"]
[Round "4.3"]
[White "Nytra, Petr"]
[Black "Cach, Jakub"]
[Result "0-1"]
[WhiteElo "1756"]
[BlackElo "1746"]
[PlyCount "120"]
[EventDate "2013.10.12"]
[EventType "team-tourn"]
[EventRounds "11"]
[EventCountry "CZE"]
[SourceTitle "EXT 2015"]
[Source "ChessBase"]
[SourceDate "2014.11.20"]
[SourceVersion "1"]
[SourceVersionDate "2014.11.20"]
[SourceQuality "1"]
[WhiteTeam "Orlova Slavia (U20)"]
[BlackTeam "Polabiny (U20) II"]
[WhiteTeamCountry "CZE"]
[BlackTeamCountry "CZE"]

1. e4 e6 2. d4 d5 3. exd5 exd5 4. c4 c6 5. Nf3 Bd6 6. Bd3 Ne7 7. c5 Bc7 8. Qc2 h6 9. 0-0 Nd7 10. Re1 Nf6 11. Nbd2 0-0 12. Ne5 Be6 13. Ndf3 Qc8 14. a3 Nf5 15. b4 a6 16. Bd2 Re8 17. Re2 Re7 18. Rae1 Re8 19. h3 Bxe5 20. dxe5 Ne4 21. Bxe4 dxe4 22. Rxe4 Bd5 23. Rf4 Ne7 24. Nd4 Ng6 25. Rg4 Rxe5 26. Rxe5 Nxe5 27. Rg3 Kh8 28. Nf5 Ng6 29. Bc3 Kh7 30. h4 Bb3 31. Qxb3 Qxf5 32. Rf3 Qg4 33. Qxf7 Rg8 34. Rg3 Qe4 35. h5 Ne5 36. Qc7 Ng4 37. Kf1 Qc4+ 38. Kg1 Qe2 39. Rxg4 Qxg4 40. Qe5 Qd1+ 41. Kh2 Qd5 42. Qe2 Rf8 43. Qg4 Qg5 44. Qe2 Rf5 45. g4 Qf4+ 46. Kg1 Qf3 47. Qxf3 Rxf3 48. Bb2 Rb3 49. Be5 Rxa3 50. Bc7 Rb3 51. Ba5 g6 52. hxg6+ Kxg6 53. Kg2 h5 54. gxh5+ Kxh5 55. f3 Kg5 56. Kg3 Kf5 57. Kf2 Rb1 58. Ke2 Ke5 59. Ke3 Rb3+ 60. Ke2 Kf4 0-1

[Event "CZE-chTE U20 1314"]
[Site "Czech Republic"]
[Date "2013.10.12"]
[Round "2.3"]
[White "Foucek, Simon"]
[Black "Cach, Jakub"]
[Result "1/2-1/2"]
[WhiteElo "1593"]
[BlackElo "1746"]
[PlyCount "59"]
[EventDate "2013.10.12"]
[EventType "team-tourn"]
[EventRounds "11"]
[EventCountry "CZE"]
[SourceTitle "EXT 2015"]
[Source "ChessBase"]
[SourceDate "2014.11.20"]
[SourceVersion "1"]
[SourceVersionDate "2014.11.20"]
[SourceQuality "1"]
[WhiteTeam "Brno Lokomotiva (U20)"]
[BlackTeam "Polabiny (U20) II"]
[WhiteTeamCountry "CZE"]
[BlackTeamCountry "CZE"]

1. e4 e5 2. Nf3 Nc6 3. Bb5 Bc5 4. 0-0 d6 5. h3 Nf6 6. Nc3 h6 7. Re1 Be6 8. d3 0-0 9. Ba4 Nh7 10. Be3 Bxe3 11. fxe3 f5 12. Bb3 Bxb3 13. axb3 Ng5 14. exf5 Rxf5 15. Rf1 Nxf3+ 16. Rxf3 Qg5 17. Rxf5 Qxf5 18. Qf3 Qxf3 19. gxf3 Nb4 20. Rc1 a6 21. Kf2 Rf8 22. Ne2 d5 23. d4 e4 24. f4 g5 25. Kg3 Kg7 26. Kg4 Kg6 27. h4 h5+ 28. Kg3 gxf4+ 29. Nxf4+ Kh6 30. c3 1/2-1/2